| 000 | 00730nam a22002057a 4500 | ||
|---|---|---|---|
| 999 |
_c19133 _d19133 |
||
| 003 | AR-CdUCM | ||
| 008 | 190516b ||||| |||| 00| 0 spa d | ||
| 040 |
_aMUNICIPALIDAD PROVINCIAL DEL CUSCO _cBIBLIOTECA MUNICIPAL DEL CUSCO |
||
| 082 |
_a327.7 / _bM17 |
||
| 100 |
_aMaira, Luis _940289 |
||
| 245 | _aAmérica Latina y la crisis de hegemonía norteamericana / | ||
| 260 |
_aLima : _bDesco, _c1982. |
||
| 300 |
_a328 páginas ; _c21 cm. |
||
| 505 | _aContenido: Claves y tendencias del proceso político norteamericano -- Estados unidos y América Latina . | ||
| 650 |
_aAmérica Latina _91130 |
||
| 650 |
_aRelaciones exteriores _94428 |
||
| 650 |
_aEstados Unidos _91805 |
||
| 942 |
_2ddc _cLIBROS |
||
| 945 |
_adavv _d2019-05-16 |
||